Ciudades de España más visitadas - Estadísticas

Estadísticas generales
  • Esta prueba ha sido intentada 5.806 veces
  • La puntuación promedio es 11 de 20
Estadísticas de respuestas
Viajeros Ciudad % Correcto
8.278.156 Barcelona
100%
9.877.855 Madrid
100%
3.018.060 Sevilla
97%
2.072.573 Valencia
97%
1.517.106 Málaga
88%
1.121.719 Bilbao
87%
1.735.323 Granada
81%
1.137.285 Zaragoza
72%
923.083 Córdoba
71%
908.668 Donostia / San Sebastián
63%
2.506.436 Palma
61%
2.238.050 Benidorm
50%
934.337 Santiago de Compostela
47%
1.271.280 Salou
20%
1.198.881 Torremolinos
12%
1.554.223 Adeje
6%
1.137.285 Lloret de Mar
6%
1.693.286 Calviá
4%
1.752.713 San Bartolomé de Tirajana
3%
927.021 Pájara
2%
No se encontraron pruebas coincidentes
Distribución de puntuación
Porcentaje de gente con cada puntuación
Porcentaje por número respondido
Historial de tus puntuaciones
No has intentado esta prueba.